000 00323nam a2200121Ia 4500
008 240624s9999 xx 000 0 und d
041 _aeng
082 _a658.4 BUR
100 _aBURGELMAN ROBERT A
245 _aINSIDE CORPORATE INNOVATION STRATEGY STR
260 _c1988
_amanagerial skills
_bFree Press
300 _a240 : p.
999 _c18311
_d18311